00729nam a22002417a 4500003000900000005001700009008004100026040003300067041000800100080001200108100002900120245004400149246003800193260004800231300003400279650001100313650001800324650001000342650001300352942000700365952009600372999001900468LK-CoDNM20250228122439.0250224b |||||||| |||| 00| 0 eng d aLK-CoDNMdLK-CoDNMeLK-CoDNM aeng aRCb594 aPande, A. & Dhar, P. P.  aCultural interface with India with Asia aReligion, Art and Architecture.  aNew DelhibD. K. Printworld (P) Ltd. c2003 aXXII, 412p. , Ill, Map ; 28cm aIndia  aCivilization  aAsia  aHistory  cBK 001041708RBCaMAINbMAINcREFd2025-02-28l0oRC 594pRC0573r2025-02-28w2025-02-28yBK c238540d238540